LEADER 01435oam 2200397Ia 450 001 9910698980203321 005 20091214100516.0 035 $a(CKB)5470000002398071 035 $a(OCoLC)401768098 035 $a(EXLCZ)995470000002398071 100 $a20090617d2003 ua 0 101 0 $aeng 135 $auran||||||||| 181 $ctxt$2rdacontent 182 $cc$2rdamedia 183 $acr$2rdacarrier 200 00$aGuidance for industry$b[electronic resource] $eQ1D bracketing and matrixing designs for stability testing of new drug substances and products 210 1$aRockville, MD :$cU.S. Dept. of Health and Human Services, Food and Drug Administration, Center for Drug Evaluation and Research :$cCenter for Biologics Evaluation and Research,$d[2003] 215 $ai, 8 pages $cdigital, PDF file 300 $a"January 2003." 300 $aTitle from PDF title page (viewed on June 17, 2009). 517 $aGuidance for industry 606 $aDrug stability 606 $aDrugs$xTesting 615 0$aDrug stability. 615 0$aDrugs$xTesting. 712 02$aCenter for Drug Evaluation and Research (U.S.) 712 02$aCenter for Biologics Evaluation and Research (U.S.) 712 12$aInternational Conference on Harmonisation. 801 0$bGPO 801 1$bGPO 801 2$bGPO 906 $aBOOK 912 $a9910698980203321 996 $aGuidance for industry$93434577 997 $aUNINA LEADER 01206nam 2200325z- 450 001 9910694094103321 005 20060622170631.0 035 $a(CKB)5860000000028155 035 $a(BIP)013636521 035 $a(EXLCZ)995860000000028155 100 $a20220406c2005uuuu -u- - 101 0 $aeng 200 10$aMedicaid prescription drugs $eexamining options for payment reform : hearing before the Subcommittee on Health of the Committee on Energy and Commerce, House of Representatives, One Hundred Ninth Congress, first session, June 22, 2005 215 $a1 online resource (iii, 107 p.) $cill 311 $a0-16-074023-1 517 $aMedicaid prescription drugs 606 $aMedicaid$xClaims administration 606 $aPrescription pricing$zUnited States 610 $aMedicaid 610 $aDrugs 610 $aPricing 610 $aMedical 610 $aBusiness & economics 615 0$aMedicaid$xClaims administration. 615 0$aPrescription pricing 712 02$aUnited States, Congress House Committee on Energy and Commerce Subcommittee on Health Staff,$4oth 906 $aBOOK 912 $a9910694094103321 996 $aMedicaid prescription drugs$93200996 997 $aUNINA